| 000 | 00465cam a22001817a 4500 | ||
|---|---|---|---|
| 001 | 001446 | ||
| 003 | armpunfd | ||
| 005 | 20140612090640.0 | ||
| 008 | 040225e0####xx#a##########000#0#und#d | ||
| 040 |
_aarmpunfd _carmpunfd |
||
| 080 | _a347 (82) B 966 | ||
| 100 | 1 | 0 | _a Busso, Eduardo B. |
| 245 | 1 | 0 | _aCodigo civil anotado |
| 260 |
_a Uenos Aires : Ediar _b1951. 681 P. |
||
| 650 | 7 |
_a Codigo Civil _2LEMB |
|
| 942 |
_cLB _2cdu |
||
| 945 |
_aCatalis _d2010-08-19 |
||
| 999 |
_c1437 _d231941 |
||